00628nam a2200157 a 450000100100000000500170001000800410002704000250006810000400009324501220013326000570025530000270031204900090033995201050034899900170045300003419620200930070846.0110927s2005 dr a 000 0 spa d aDO-SdBNPbspacBNPHU1 aGausachs, Josep,d1889-1959.95761710aGausachs íntimo :bexposicion del 9 de marzo al 23 de abril de 2005 /, /cJosep Gausachs textos, Javier Aiguabella. aSanto Domingo :bCentro Cultural de España,c2005. a88 p. :bil. ;c26 cm. aBNPD 0010718PDaPDbPDcCTd2011-09-27iLF1l0o p34196-10r2020-06-25w2020-06-25yLFPDZNo se presta c33687d33687